[Event "Sharjah Master 2024"]
[Site "Shsrjah - Abu Dhabi"]
[Date "2024.05.22"]
[Round "?"]
[White "Petrosyan, Manuel"]
[Black "Artemiev, Vladislav"]
[Result "1/2-1/2"]
[WhiteElo "2616"]
[BlackElo "2705"]
[PlyCount "58"]
[EventDate "2024.05.14"]
[EventCountry "UAE"]

1. e4 e5 2. Nf3 Nc6 3. Bb5 a6 4. Ba4 Nf6 5. O-O Be7 6. d3 b5 7. Bb3 O-O 8. a4 b4 ({RR} 8... Rb8 9. axb5 axb5 10. Nc3 d6 11. h3 h6 12. Be3 Re8 13. Qd2 Be6 14. Bxe6 fxe6 15. Ne2 Qc8 16. Ng3 Nd8 17. Bxh6 gxh6 18. Qxh6 Nf7 19. Qg6+ Kf8 20. Nh2 Ra8 21. Rae1 Bd8 22. Re3 Nh8 23. Qh6+ {Giri,A (2762)-Artemiev,V (2711) Shenzhen CHN 2024 1-0}) 9. a5 d6 10. Nbd2 Be6 ({RR} 10... Bg4 11. c3 Rb8 12. Bc2 bxc3 13. bxc3 d5 14. h3 Bh5 15. Re1 d4 16. Ba4 dxc3 17. Bxc6 cxd2 18. Bxd2 Qxd3 19. g4 Nxg4 20. hxg4 Bxg4 21. Nxe5 Bxd1 22. Nxd3 Bc2 23. Nf4 Bf6 24. e5 Bg5 25. Be3 {Narva,M (2399)-Ismayil,M (2200) FIDE Online Arena INT 2024 1-0}) 11. Bxe6 $146 ({RR} 11. Nc4 h6 12. h3 Qc8 13. Be3 Qb7 14. Qe2 Rad8 15. Nfd2 d5 16. exd5 Nxd5 17. Ba4 Nd4 18. Qd1 Nf4 19. Bxf4 exf4 20. Re1 Bc5 21. Ne5 Ba7 22. c3 Nb5 23. c4 Nd4 24. Nb3 Rd6 25. Rc1 Nxb3 {Pandey,S (2195)-Tejaswini,S (1965) Budapest HUN 2023 ½-½ (50)}) 11... fxe6 12. Re1 Rb8 13. c3 Rb5 14. d4 bxc3 15. bxc3 exd4 16. cxd4 Qd7 17. Nc4 Rb4 18. Qc2 Ng4 19. Qe2 $6 {Inaccuracy. Bd2 was best.} (19. Bd2 Rbb8 20. Rab1 Rxb1 21. Rxb1 d5 22. Ne3 dxe4 23. Qxe4 Nxe3 24. fxe3 Qd5) 19... d5 20. Ncd2 Rb5 21. exd5 exd5 22. Ba3 Bxa3 23. Rxa3 Qd6 24. Qe6+ Qxe6 25. Rxe6 Rf6 26. Re8+ Rf8 27. Re6 Rf6 28. Re8+ Rf8 29. Re6 Rf6 1/2-1/2

[Event "Sharjah Master 2024"]
[Site "Shsrjah - Abu Dhabi"]
[Date "2024.05.22"]
[Round "?"]
[White "Maurizzi, Marc`Andria"]
[Black "Sevian, Samuel"]
[Result "1/2-1/2"]
[WhiteElo "2617"]
[BlackElo "2698"]
[PlyCount "78"]
[EventDate "2024.05.14"]
[EventCountry "UAE"]

1. d4 Nf6 2. c4 g6 3. g3 c5 4. dxc5 Qa5+ 5. Nc3 Qxc5 6. e4 $146 ({RR} 6. Bg2 Qxc4 7. Bg5 Bg7 8. Rc1 Nc6 9. Nh3 Qb4 10. O-O Qa5 11. Bd2 Qd8 12. Nf4 O-O 13. Ncd5 Nxd5 14. Nxd5 Bxb2 15. Bg5 Bxc1 16. Qxc1 d6 17. Qb2 Be6 18. Bh6 f6 19. Bxf8 Kxf8 20. Qxb7 Qc8 {Iskusnyh,S (2440)-Grandelius,N (2673) chess.com INT 2024 0-1 (40)}) 6... d6 7. Be3 Qa5 8. Bg2 Nc6 9. Nge2 Bg7 10. O-O O-O $6 {Inaccuracy. Ne5 was best.} (10... Ne5 11. b3 h5 12. Bd2 h4 13. Nd5 Qd8 14. Bc3 h3 15. Bh1 O-O 16. Qd2) 11. b3 Bd7 12. Rc1 Ng4 13. Bd2 Qh5 14. h3 Nge5 15. Nf4 Qxd1 16. Rfxd1 g5 17. Nh5 g4 18. Nxg7 Kxg7 19. h4 f6 20. Be3 b6 21. Nd5 Kf7 22. Bf1 Nf3+ 23. Kg2 Nce5 24. Be2 f5 25. exf5 Bxf5 26. Nc7 Rad8 27. Nb5 Be4 28. Kf1 Nh2+ 29. Ke1 Nhf3+ 30. Kf1 Nh2+ 31. Ke1 Nef3+ 32. Bxf3 Nxf3+ 33. Ke2 Ne5 34. Kd2 $6 {Inaccuracy. Rd4 was best.} (34. Rd4 Bf3+ 35. Kd2 Nc6 36. Rf4+ Ke8 37. Rxf8+ Kxf8 38. Nd4 Nxd4 39. Bxd4 Rb8) 34... Bf3 $6 {Inaccuracy. Rd7 was best.} (34... Rd7) 35. Re1 Nc6 36. Nd4 Nxd4 37. Bxd4 e5 38. Be3 Ke6 39. Kc3 Rc8 1/2-1/2

[Event "Sharjah Master 2024"]
[Site "Shsrjah - Abu Dhabi"]
[Date "2024.05.22"]
[Round "?"]
[White "Blohberger, Felix"]
[Black "Deac, Bogdan-Daniel"]
[Result "1/2-1/2"]
[WhiteElo "2505"]
[BlackElo "2692"]
[PlyCount "118"]
[EventDate "2024.05.14"]
[EventCountry "UAE"]

1. d4 Nf6 2. c4 e6 3. Nf3 b6 4. a3 Bb7 5. Nc3 Ne4 6. Nxe4 Bxe4 7. Bf4 d6 8. e3 Nd7 9. Bd3 Bxd3 10. Qxd3 Be7 11. Rd1 a5 $146 ({RR} 11... O-O 12. e4 c6 13. O-O a6 14. e5 d5 15. Rc1 dxc4 16. Rxc4 c5 17. Rc2 b5 18. dxc5 Nxc5 19. Qe3 Qd5 20. Bg5 f6 21. exf6 gxf6 22. Bh6 Rfd8 23. b4 Ne4 24. Rc7 Kf7 25. Re1 Nd6 26. Rc5 {Martinovic,S (2542)-Blohberger,F (2513) Austria AUT 2024 1-0 (39)}) 12. e4 a4 13. O-O Nf8 14. c5 Ng6 15. cxd6 cxd6 16. Be3 d5 17. e5 O-O 18. g3 f6 19. exf6 Rxf6 20. Qe2 h6 21. Rc1 Bd6 22. Ne1 Ne7 23. Ng2 Nf5 24. Rc6 Ne7 25. Rc2 Nf5 26. Rc6 Ne7 27. Rc2 Qd7 28. Bf4 Nf5 29. Be5 Bxe5 30. Qxe5 Nd6 31. Ne3 Rff8 32. Rfc1 Nf7 33. Qc7 Qxc7 34. Rxc7 Ng5 35. Kg2 b5 36. R1c6 Rf7 37. Rxf7 Kxf7 38. Rb6 Rc8 $6 {Inaccuracy. Ne4 was best.} (38... Ne4) 39. Rxb5 Rc1 40. Rb4 Rb1 41. f3 $6 {Inaccuracy. h4 was best.} (41. h4 Ne4 42. Ng4 Ke8 43. h5 Nf6 44. Rb8+ Ke7 45. Rb7+ Kf8 46. Ne5 Nxh5) 41... e5 $2 {Mistake. Ke7 was best.} (41... Ke7 42. h4 Nf7 43. Ng4 Rc1 44. Rxa4 Rc2+ 45. Kf1 Rxb2 46. Ra7+ Kf8 47. h5) 42. dxe5 d4 43. Nf1 d3 44. f4 Ne6 45. Kf2 Rd1 46. Rb7+ $6 {Inaccuracy. f5 was best.} (46. f5 Ng5 47. h4 d2 48. Nxd2 Rxd2+ 49. Ke3 Rg2 50. hxg5 Rxg3+ 51. Kf4 Rxg5) 46... Ke8 47. Rb5 $6 {Inaccuracy. Rb8+ was best.} (47. Rb8+ Ke7 48. Rb5 h5 49. Rd5 Nc7 50. Rd4 Ne6 51. Rd6 g6 52. h4 Nc5) 47... h5 $2 {Mistake. g5 was best.} (47... g5) 48. f5 $4 {Blunder. Rd5 was best.} (48. Rd5 g6 49. h4 Nc7 50. Rd4 Ne6 51. Rd6 Nc5 52. Rd5 Rc1 53. Nd2 Rc2) 48... Nd4 49. Rd5 Nxf5 50. Ne3 Rd2+ 51. Kf3 Nxe3 52. Kxe3 Rxh2 53. Rxd3 Rxb2 54. Kf4 Rb3 55. Rd6 Rxa3 56. Ra6 Ra1 57. Kg5 h4 58. Kxh4 Re1 59. Rxa4 Rxe5 1/2-1/2

[Event "Sharjah Master 2024"]
[Site "Shsrjah - Abu Dhabi"]
[Date "2024.05.22"]
[Round "?"]
[White "Niemann, Hans Moke"]
[Black "Idani, Pouya"]
[Result "1-0"]
[WhiteElo "2688"]
[BlackElo "2605"]
[PlyCount "77"]
[EventDate "2024.05.14"]
[EventCountry "UAE"]

{[%evp 9,77,38,42,40,47,24,19,10,12,-2,-11,-7,30,23,44,53,54,25,39,45,46,54,55,42,35,37,38,36,64,49,67,50,67,67,67,65,66,68,67,67,67,65,67,65,108,107,118,110,110,110,147,130,169,169,353,351,292,292,281,290,457,458,512,540,571,571,679,679,787,787]} 1. c4 e5 2. g3 d6 3. Nc3 Be7 4. d4 f5 5. Bh3 a5 ({RR} 5... Na6 6. b3 ({White should try} 6. dxe5 $14 dxe5 7. Qxd8+ Bxd8 8. Nf3) 6... c6 7. Bb2 e4 8. d5 Nf6 9. Bg2 O-O 10. Nh3 Nc5 11. O-O a5 12. Qd2 Bd7 (12... a4 $1 $11) 13. Rad1 Qb6 14. Ba1 a4 15. b4 Qxb4 16. dxc6 (16. Nxe4 $5 Qxc4 17. Nxc5 dxc5 18. Nf4 $14) 16... Bxc6 (16... bxc6 $15 17. Nxe4 Qxd2 18. Nxf6+ Bxf6 19. Rxd2 Ne4 20. Bxe4 fxe4) 17. Nxe4 $1 Qxd2 18. Nxd2 Nfe4 19. Nf4 a3 20. Nf3 {Suleymanli,A (2609)-Anton Guijarro,D (2670) Samarkand UZB 2023 1-0 (73)} ({White should play} 20. Nxe4 fxe4 21. Nd5)) 6. dxe5 $146 ({RR} 6. Be3 Nf6 7. Nf3 Nc6 8. dxe5 Nxe5 9. Nxe5 dxe5 10. Qxd8+ (10. Qc2 $5 {[%cal Ra1d1]}) 10... Bxd8 11. O-O-O Be6 12. b3 c6 13. Na4 Nd7 (13... Be7 $11) 14. Nc5 (14. Rd6 $14 Ke7 15. Rhd1) 14... Nxc5 15. Bxc5 Be7 16. Bb6 a4 17. Kb2 $2 (17. e4 $1 $11 {and White has nothing to worry.}) 17... Ra6 18. Bc7 {[#]} e4 $1 19. Be5 Kf7 20. f3 exf3 {Moroni,L (2581)-Idani,P (2605) chess.com INT 2024 0-1 (35)}) 6... dxe5 7. Qxd8+ Bxd8 8. e4 {The position is equal.} Nc6 9. Bxf5 Bxf5 10. exf5 Nd4 {White must now prevent ...Nc2+.} 11. Kf1 Nxf5 12. Nf3 Bf6 13. Ne4 O-O-O 14. Bd2 Nd4 15. Kg2 b6 16. Bc3 Nxf3 17. Kxf3 Ne7 18. Rad1 Rd7 $6 {Inaccuracy. Nc6 was best.} (18... Nc6) 19. h4 Nc6 20. Rd5 Rhd8 21. Rhd1 Nd4+ 22. Bxd4 $1 {Bc3 is the strong threat.} Rxd5 23. cxd5 Rxd5 {[%mdl 64] Pin} 24. Nxf6 gxf6 $14 {[%mdl 4096] Endgame KRB-KR} 25. Ke4 $1 {[%cal Re4d5]} c6 $1 26. g4 exd4 $6 {Inaccuracy. a4 was best.} (26... a4 27. f4 Kd7 28. g5 Ke6 $1 29. f5+ Kf7 30. Rd2 exd4 31. Rxd4 Rxd4+ 32. Kxd4) 27. Rxd4 {KR-KR} Re5+ 28. Kd3 Kc7 29. Rf4 Re6 30. Re4 Kd6 $4 {[#] Blunder. Rd6+ was best.} (30... Rd6+) 31. f4 $1 b5 $2 {Mistake. a4 was best.} (31... a4 {31...e7 1.43} 32. Rd4+) (31... Rxe4 $142 32. Kxe4 Ke7) 32. Rxe6+ $18 Kxe6 {KP-KP} 33. Kd4 Kd6 34. g5 c5+ (34... fxg5 {was called for.} 35. hxg5 Ke6) 35. Ke4 {White is clearly winning.} a4 36. f5 b4 {Strongly threatening ...fxg5.} 37. b3 ({Stronger than} 37. gxf6 c4 $11) 37... a3 38. Kd3 Kd5 39. gxf6 {Accuracy: White = 87%, Black = 50%.} 1-0

[Event "Sharjah Master 2024"]
[Site "Shsrjah - Abu Dhabi"]
[Date "2024.05.22"]
[Round "?"]
[White "Sindarov, Javokhir"]
[Black "Siddharth, Jagadeesh"]
[Result "1-0"]
[WhiteElo "2684"]
[BlackElo "2508"]
[PlyCount "45"]
[EventDate "2024.05.14"]
[EventCountry "UAE"]

{[%evp 9,45,63,62,45,57,23,30,26,28,29,25,24,25,24,26,22,24,25,25,23,22,-6,32,33,206,208,206,205,207,210,226,212,259,258,278,275,270,273]} 1. c4 Nf6 2. Nc3 g6 3. e4 e5 4. Nf3 Bg7 5. Nxe5 O-O 6. Nf3 Re8 $1 7. Bd3 Nxe4 8. Bxe4 {And now d3 would win.White has an edge.} Bxc3 $1 9. dxc3 {aiming for Ng5.} Rxe4+ {[%mdl 64] Double Attack} 10. Be3 Nc6 11. Qd5 $36 {[%mdl 2048] White has good play.} Qe8 $146 ({RR} 11... Qe7 {11...e8 0.20} 12. O-O d6 13. Bg5 $1 {[%cal Rg5e7]} Qe6 ({Better is} 13... Qe8) 14. Rfe1 f5 15. Rxe4 fxe4 16. Nd2 Qxd5 17. cxd5 Ne5 18. Nxe4 Bf5 19. Nd2 Nd3 20. b3 a5 21. f3 a4 {[#]} 22. g4 $1 {[%cal Rg4f5]} Bd7 23. Rd1 axb3 24. axb3 Ra2 25. Kf1 Kf7 (25... h5 $16 {was worth a try.}) 26. Ke2 {Blohberger,F (2522)-Krause,B (2391) Germany GER 2024 ½-½ (42)}) 12. O-O d6 13. h3 b6 14. Rfe1 Bb7 15. b3 Rb8 16. Qd2 f6 $2 {[#] Mistake. Qd7 was best.} (16... Qd7 17. c5) (16... Qd7 $14) 17. Bxb6 $1 $18 {[%mdl 512]} Rxe1+ (17... axb6 18. Qd5+) 18. Rxe1 Qf7 19. Bd4 a5 20. c5 Ne5 21. Nh2 {White has a decisive advantage.} ({Less strong is} 21. Bxe5 dxe5 22. Nh2 Qe7 $14) 21... Qd5 $6 {[%csl Gb7][%cal Rd5g2] Inaccuracy. Qf8 was best.} (21... Qf8 22. c4 a4 23. Qc3 Re8 24. cxd6 Qxd6 25. Bxe5 Rxe5 26. Rxe5 fxe5 27. bxa4) 22. f4 Nd7 23. c4 {Accuracy: White = 89%, Black = 69%.} 1-0

[Event "Sharjah Master 2024"]
[Site "Shsrjah - Abu Dhabi"]
[Date "2024.05.22"]
[Round "?"]
[White "Pranav, V."]
[Black "Nihal Sarin"]
[Result "1/2-1/2"]
[WhiteElo "2587"]
[BlackElo "2680"]
[PlyCount "72"]
[EventDate "2024.05.14"]
[EventCountry "UAE"]

1. e4 c5 2. Nf3 d6 3. d4 cxd4 4. Nxd4 Nf6 5. Nc3 a6 6. Be3 e5 7. Nb3 Be7 8. Qd2 Ng4 9. g3 Nd7 $146 ({RR} 9... Be6 10. O-O-O Nd7 11. f4 Nxe3 12. Qxe3 Qb6 13. Qd2 Nf6 14. f5 Bd7 15. Kb1 Bc6 16. Qg2 Rd8 17. g4 h6 18. h4 a5 19. g5 Nh5 20. gxh6 Rxh6 21. Nd5 Bxd5 22. Rxd5 Kf8 23. Rxa5 Nf4 24. Qg4 {Osinovsky,S (2232)-Xu,X (2637) chess.com INT 2024 0-1 (38)}) ({RR} 9... Be6 10. O-O-O Nxe3 11. Qxe3 Nd7 12. f4 b5 13. Kb1 Qb6 14. Qf3 Nf6 15. f5 Bc4 16. g4 h6 17. h4 b4 18. Bxc4 bxc3 19. g5 Nd7 20. g6 fxg6 21. fxg6 Rf8 22. Bf7+ Kd8 23. Qxc3 Rc8 24. Qd3 {Lacasa Diaz,J (2343)-Swicarz,M (2251) chess.com INT 2024 0-1 (33)}) 10. Bh3 Nxe3 11. Qxe3 Bg5 12. f4 $6 {Inaccuracy. Qe2 was best.} (12. Qe2 Nb6) 12... exf4 13. gxf4 Bh4+ 14. Ke2 $6 {Inaccuracy. Kd2 was best.} (14. Kd2 Nb6 15. Bf1 O-O 16. Rg1 d5 17. Rd1 dxe4+ 18. Kc1 Qc7 19. Qxe4 f5) 14... O-O 15. Rad1 Nb6 16. Na5 $6 {Inaccuracy. Nd5 was best.} (16. Nd5 Nc4) 16... Qc7 17. Rhg1 Bf6 18. e5 dxe5 19. Ne4 exf4 $2 {Mistake. Bd8 was best.} (19... Bd8 20. f5) 20. Nxf6+ Kh8 21. Qd4 Qe7+ 22. Kf3 Qxf6 23. Qxf6 gxf6 24. Bxc8 Raxc8 25. Rd6 Na4 26. Rxf6 Nxb2 27. Nxb7 Rxc2 28. Nd6 Rc7 29. Kxf4 Nd3+ 30. Ke4 Nb4 31. a4 Re7+ 32. Kd4 Nc6+ 33. Kd5 Nd8 34. Rgf1 Kg7 35. h4 h6 36. Rxh6 Kxh6 1/2-1/2

[Event "Sharjah Master 2024"]
[Site "Shsrjah - Abu Dhabi"]
[Date "2024.05.22"]
[Round "?"]
[White "Iniyan, Pa"]
[Black "Ter-Sahakyan, Samvel"]
[Result "1-0"]
[WhiteElo "2493"]
[BlackElo "2650"]
[PlyCount "112"]
[EventDate "2024.05.14"]
[EventCountry "UAE"]

{[%evp 18,112,16,17,24,16,15,20,21,15,15,-12,-12,-20,10,8,7,5,6,2,20,8,13,-1,15,14,30,30,43,39,41,33,35,26,38,8,32,38,33,28,49,27,50,22,97,32,32,32,72,30,50,14,22,8,45,25,77,28,28,22,112,0,132,80,82,23,117,117,264,160,211,214,234,217,227,227,227,227,303,303,307,299,337,337,369,347,404,428,441,373,390,400,432,427,611,604,662]} 1. d4 Nf6 2. c4 e6 3. Nc3 Bb4 4. e3 O-O 5. Bd3 d5 6. a3 Bxc3+ 7. bxc3 dxc4 8. Bxc4 c5 9. Nf3 Qc7 10. Be2 b6 11. Bb2 cxd4 12. exd4 $146 ({RR} 12. cxd4 Ba6 13. O-O Bxe2 14. Qxe2 Qb7 15. Nd2 Nbd7 16. e4 Rfc8 17. Qd3 Rd8 18. Rfe1 Rac8 19. Rad1 h6 20. Ba1 Qc6 21. Qf3 Qa4 22. Nf1 Rc2 23. d5 e5 24. Ng3 Ra2 25. Rd3 b5 $2 (25... Rc8 $15 {stays ahead.}) 26. h3 ({White should play} 26. Nf5 $1 $16) 26... b4 {Grebnev,A (2536)-Savchenko,B (2483) Sochi RUS 2024 1-0 (54)} (26... g6 $14)) 12... Ba6 {The position is equal.} 13. Bxa6 Nxa6 14. Qe2 Nb8 15. O-O Nbd7 16. c4 Rac8 17. Nd2 Qf4 18. a4 Qg4 (18... Nb8 {looks sharper.} 19. Rfd1 Nc6 20. d5 exd5 21. Bxf6 Qxf6 22. cxd5 Rfe8) 19. Qe3 Rfe8 20. Rfe1 Nf8 21. h3 Qf5 22. g4 Qc2 23. Ba3 h6 24. Rec1 Qg6 25. f4 N8d7 26. Rc3 Rc7 27. Kh2 Rec8 {White must now prevent ...Nd5!} 28. Rac1 a6 29. g5 Ne8 30. Ne4 h5 $6 {Inaccuracy. hxg5 was best.} (30... hxg5 31. fxg5 e5 32. d5 f5 33. gxf6 $1 Ndxf6 34. Nxf6+ Nxf6 35. Qxe5 Qf7 36. Kh1) (30... hxg5 $11 31. fxg5 e5) 31. c5 $6 {Inaccuracy. Nd2 was best.} (31. Nd2 h4 32. Nf3 b5 33. c5 Nb8 34. Ne5 Qf5 35. c6 f6 $1 36. Nd7 b4) (31. Nd2 $16) 31... bxc5 $14 32. dxc5 Nb8 33. Rc4 Nc6 34. Nd6 Rb8 35. Qf3 h4 36. Qc3 Ne7 $6 {Inaccuracy. Rd7 was best.} (36... Rd7) 37. Nxe8 $6 {Inaccuracy. c6 was best.} (37. c6 $1) 37... Rxe8 38. c6 $36 {[%mdl 2048] White fights for an advantage.} Nd5 (38... Rec8 $1 $11 {remains equal.}) 39. Qd4 (39. Qd2 $1 $16) 39... Qh5 $4 {Blunder. Rb8 was best.} (39... Rb8 40. Qe4 Qxe4 41. Rxe4 Rbc8 (41... Rb3 $5 42. Bd6 $8 Rc8 $11) 42. f5 Rxc6 43. Rxc6 Rxc6 44. g6 a5 45. Rxh4) (39... Rb8 $11) 40. Qd3 Rd8 41. Bb4 (41. Qe4 $16) 41... Rcc8 (41... Rb8 $11 {keeps the balance.} 42. Bd6 {[%mdl 64] Skewer} Rb2+ 43. R4c2 Rxc2+ 44. Rxc2 Rc8 45. Qxa6 Re8) 42. Rd4 $16 Qh7 $6 {Inaccuracy. a5 was best.} (42... a5 43. Be7 $2 (43. Ba3 $18 Rc7 44. Rc2) 43... Re8 44. Bd6 Nb4 {[#]} 45. Qe4 $1 e5 46. fxe5 Nxc6 47. Rxc6 Qxg5 {[#]} 48. Kh1 $1) (42... a5 $16 43. Be7 (43. Bxa5 Rd6 $14) 43... Re8) 43. f5 (43. Qxa6 Qf5 $16) 43... Qh5 44. Bd2 Re8 45. Qe4 Rcd8 46. Qg4 Qxg4 47. hxg4 Rc8 48. Ba5 Rb8 $6 {Inaccuracy. g6 was best.} (48... g6 49. c7 gxf5 50. gxf5 Kg7 51. Rc6 Ra8 52. Rxh4 f6 (52... exf5 {was necessary.} 53. Rc5 Ne7) 53. Re4 fxg5 54. Rexe6) 49. c7 Rbc8 50. g6 Kf8 51. Rc5 Ne7 52. Rd8 exf5 53. gxf7 Kxf7 54. gxf5 Ng8 55. Rcd5 Ne7 $6 {Inaccuracy. Nf6 was best.} (55... Nf6 56. Rxe8 Nxe8 57. Rd8 Nxc7 58. Rxc8 Nd5 59. Rc6 Ne3 60. Bc3 h3 61. Rc7+) (55... Rxc7 $142 56. Bxc7 Nf6) 56. R5d7 $18 {Hoping for Kh3.} Kf6 {Accuracy: White = 79%, Black = 48%.} 1-0

[Event "Sharjah Master 2024"]
[Site "Shsrjah - Abu Dhabi"]
[Date "2024.05.22"]
[Round "?"]
[White "Muradli, Mahammad"]
[Black "Sargsyan, Shant"]
[Result "0-1"]
[WhiteElo "2560"]
[BlackElo "2637"]
[PlyCount "118"]
[EventDate "2024.05.14"]
[EventCountry "UAE"]

{[%evp 21,118,18,17,14,15,13,23,14,18,16,16,13,22,9,15,7,17,8,19,0,18,16,16,8,14,-53,12,4,9,0,0,0,12,12,14,-24,-2,-21,-17,-20,-20,-27,-20,-31,-4,-18,0,-20,-20,-19,-15,-14,-16,-36,-21,-69,-63,-92,-80,-103,-94,-108,-68,-127,-124,-178,-193,-165,-190,-434,-434,-410,-418,-428,-428,-428,-566,-551,-551,-541,-541,-803,-803,-803,-803,-803,-803,-767,-767,-812,-812,-812,-803,-803,-803,-803,-683,-683,-632]} 1. d4 Nf6 2. c4 e6 3. Nf3 d5 4. g3 Be7 5. Bg2 O-O 6. O-O dxc4 7. Qc2 a6 8. a4 Bd7 9. Qxc4 Bc6 10. Bg5 Nbd7 11. Nc3 h6 12. Bxf6 Nxf6 13. a5 Qd6 14. Rfd1 {White has an edge.} Rfd8 15. e3 Rab8 16. Qe2 Bf8 17. h4 Qe7 18. Rd2 $146 ({RR} 18. e4 Qb4 19. Qc2 Rbc8 20. Bh3 Rb8 21. Bg2 Rbc8 22. Bh3 Rb8 23. Bg2 {½-½ (23) Matlakov,M (2662)-Sargissian,G (2672) chess.com INT 2024}) 18... Ne4 19. Rc2 Nf6 20. Rd2 Ne4 21. Rdd1 Nf6 22. Qc2 Rbc8 23. Rd2 (23. e4 $11) 23... Rb8 (23... b5 $15) 24. Rdd1 Rbc8 25. Qb3 Qb4 26. Qa2 Bd5 27. Nxd5 exd5 28. Ne5 c6 29. Nd3 Qd6 30. Nc5 Qc7 31. b4 Re8 32. Re1 Bd6 33. Bf3 Re7 34. Kg2 Rce8 35. Re2 Qc8 36. Qc2 g6 37. Rae1 Kg7 38. Kg1 Qh3 {And now ...Bxg3! would win.} 39. Bg2 Qg4 40. Qd1 g5 41. hxg5 Qxg5 42. Qd3 ({White should play} 42. Bh3 $15) 42... h5 43. e4 {e5 is the strong threat.} Bxc5 $1 44. bxc5 dxe4 45. Bxe4 $2 {Mistake. Qe3 was best.} (45. Qe3 Qg4 46. Bh3 Qg6 $1 47. Qf4 Nd5 48. Qh4 f5 49. Rb2 f4 50. Bf1 Kh6) (45. Qc2 {is a better defense.}) 45... Rxe4 $19 46. Rxe4 Qg6 $1 {[%mdl 64] Pin} (46... Rxe4 47. Rxe4 Nxe4 48. Qxe4 $11) 47. f3 Qxg3+ {[%mdl 64] Double Attack. Black is clearly winning.} ({Weaker is} 47... Nxe4 48. fxe4 h4 49. Re3 $11) 48. Kh1 {Threatens to win with Rg1.} Rxe4 $6 {Inaccuracy. Nxe4 was best.} (48... Nxe4 49. Rxe4 Rg8 50. Qf1 Kf8 51. Re2 Rg5 52. Re4 Kg7 53. Re2 Qh4+ 54. Rh2) 49. Rxe4 Nxe4 50. Qxe4 {[%mdl 4096] Endgame KQ-KQ} h4 51. f4 h3 52. Qe5+ f6 {[%csl Gh3][%cal Rg3g2]} 53. Qe7+ Kg6 {[%csl Gh3][%cal Rg3g2]} 54. Qe4+ Kh6 55. d5 cxd5 56. Qxd5 {[#]} h2 $1 {[%csl Gh2][%cal Rg3g1]} 57. Qd1 {[#]} Qg1+ $1 {[%mdl 576] Deflection} 58. Qxg1 hxg1=Q+ 59. Kxg1 {[#]} Kh5 $1 {Accuracy: White = 67%, Black = 89%.} 0-1

[Event "Sharjah Master 2024"]
[Site "Shsrjah - Abu Dhabi"]
[Date "2024.05.22"]
[Round "?"]
[White "Gledura, Benjamin"]
[Black "Gholami Orimi, Mahdi"]
[Result "1/2-1/2"]
[WhiteElo "2619"]
[BlackElo "2470"]
[PlyCount "41"]
[EventDate "2024.05.14"]
[EventCountry "UAE"]

1. c4 e6 2. g3 d5 3. Bg2 Nf6 4. Nf3 dxc4 5. Qa4+ Bd7 6. Qxc4 c5 7. Ne5 Qc8 8. Qd3 Nc6 9. Nxd7 Nxd7 10. O-O ({RR} 10. b3 Be7 11. Bb2 O-O 12. Nc3 Rd8 13. Rc1 Nf6 14. Qb1 Qd7 15. d3 Rac8 16. O-O h6 17. Rfd1 b6 18. e3 Nd5 19. Rd2 Nxc3 20. Bxc3 Bf8 21. Qa1 Ne7 22. Bb2 b5 23. Be4 Nd5 24. Qb1 a6 {Giri,A (2745)-Oparin,G (2670) chess.com INT 2024 1-0 (68)}) 10... Be7 11. Nc3 O-O 12. b3 Nde5 $146 ({RR} 12... Rd8 13. Bb2 Nf6 14. Qc2 Qc7 15. Ne4 Nd4 16. Bxd4 Rxd4 17. e3 Rdd8 18. Rac1 Rac8 19. Nxf6+ Bxf6 20. d4 b6 21. Rfd1 Qb8 22. d5 Qe5 23. Qc4 exd5 24. Bxd5 Rd7 25. a4 Rcd8 26. e4 g5 27. Rd3 {Astafurov,A (2263)-Krzywda,A (2234) chess.com INT 2024 0-1 (45)}) ({RR} 12... Nf6 13. Bb2 Rd8 14. Qc2 Qd7 15. Rad1 Rac8 16. Ne4 Nd4 17. Qd3 Nd5 18. e3 Nb4 19. Qb1 Nf5 20. a3 Nd3 21. Ba1 b5 22. Nc3 c4 23. bxc4 bxc4 24. a4 Rb8 25. Qc2 h6 26. Nb5 a6 27. Nd4 {Seo,J (2450)-Yuan,Q (2360) chess.com INT 2024 0-1 (38)}) ({RR} 12... Rd8 13. Bb2 Nf6 14. Qc2 Nd4 15. Qd1 Qd7 16. Rc1 Rac8 17. d3 b6 18. Qd2 Nd5 19. Nxd5 exd5 20. e3 Ne6 21. f4 d4 22. e4 Nf8 23. Rce1 b5 24. e5 c4 25. bxc4 bxc4 26. dxc4 Rxc4 27. Qd3 {Shimanov,A (2578)-Koellner,R (2453) chess.com INT 2024 1-0 (42)}) 13. Qc2 Rd8 14. Rd1 Qd7 15. d3 Rac8 16. Qd2 b6 17. Rb1 f5 18. Qe1 Bf6 19. Bb2 Nb4 20. Qf1 Ng4 21. h3 1/2-1/2

[Event "Sharjah Master 2024"]
[Site "Shsrjah - Abu Dhabi"]
[Date "2024.05.22"]
[Round "?"]
[White "Sivuk, Vitaly"]
[Black "Radjabov, Teimour"]
[Result "1/2-1/2"]
[WhiteElo "2541"]
[BlackElo "2723"]
[PlyCount "27"]
[EventDate "2024.05.14"]
[EventCountry "UAE"]

1. e4 c5 2. Nf3 Nc6 3. Bb5 g6 4. O-O Bg7 5. Re1 Nf6 6. c3 O-O 7. d4 cxd4 8. cxd4 d5 9. e5 Ne4 10. Bxc6 bxc6 11. Be3 Qb6 12. Qc1 a5 $146 ({RR} 12... Bf5 13. Nbd2 Rfb8 14. Nb3 a5 15. Re2 a4 16. Nc5 Nxc5 17. dxc5 Qa6 18. Rd2 Be4 19. Bd4 Bxf3 20. gxf3 Bh6 21. e6 f6 22. Kh1 Rb4 23. Be3 Bxe3 24. fxe3 Rc4 25. Qf1 Qc8 26. Qh3 Rxc5 27. Rg1 {Dyachuk,A (2240)-Fernandez Diaz,C (2223) chess.com INT 2024 1-0 (40)}) 13. Nc3 Nxc3 14. Qxc3 1/2-1/2